[Event "Sparkassen-Open A"]
[Site "Heusenstamm, Martinsee"]
[Date "2016.11.27"]
[Round "5.94"]
[White "Kirchner, Markus"]
[Black "Traut, Stefan"]
[Result "1/2-1/2"]
[WhiteElo "1682"]
[BlackElo "1738"]
[PlyCount "67"]
[EventDate "2016.??.??"]
[WhiteTeam "SF Schöneck"]
[BlackTeam "SF Heusenstamm"]

1. e4 c5 2. Nf3 d6 3. d4 cxd4 4. Nxd4 Nf6 5. f3 g6 6. c4 Bg7 7. Nc3 O-O 8. Be3
Nc6 9. Be2 Bd7 10. O-O a6 11. Qd2 Rc8 12. Rac1 Ne5 13. b3 Re8 14. Rfd1 Qa5 15.
h3 Nc6 16. Bf1 Nxd4 17. Bxd4 Bc6 18. Be3 Rb8 19. Nd5 Qxd2 20. Rxd2 Bxd5 21.
cxd5 Rec8 22. Rdc2 Rxc2 23. Rxc2 Ne8 24. Bb6 Be5 25. Kf2 Kf8 26. Ke3 e6 27.
dxe6 fxe6 28. f4 Bg7 29. Rc4 Ke7 30. Rb4 Rc8 31. Bd4 Bxd4+ 32. Kxd4 Rc7 33. Bd3
Ng7 34. Ke3 1/2-1/2

[Event "Sparkassen-Open A"]
[Site "Heusenstamm, Martinsee"]
[Date "2016.11.27"]
[Round "5.95"]
[White "Wagner, Günter"]
[Black "Stolle, Hendrik"]
[Result "1/2-1/2"]
[WhiteElo "1725"]
[BlackElo "1618"]
[PlyCount "49"]
[EventDate "2016.??.??"]
[WhiteTeam "SV Groß-Gerau"]
[BlackTeam "TG Biberach"]

1. Nf3 Nf6 2. g3 d6 3. Bg2 c6 4. O-O Bf5 5. d3 e5 6. c4 h6 7. Nc3 Nbd7 8. b4
Qc7 9. Bd2 Be7 10. b5 c5 11. a4 O-O 12. a5 Rad8 13. Qb3 b6 14. axb6 axb6 15.
Ra6 Nb8 16. Ra2 Be6 17. Rc1 Rd7 18. e4 Nh7 19. Qa4 Qd8 20. Qa8 f5 21. Ra7 fxe4
22. dxe4 Bxc4 23. Nd5 Bxd5 24. Qxd5+ Kh8 25. Ra8 1/2-1/2

[Event "Sparkassen-Open A"]
[Site "Heusenstamm, Martinsee"]
[Date "2016.11.27"]
[Round "5.96"]
[White "Schmitt, Clemens"]
[Black "Lanz, Udo"]
[Result "0-1"]
[WhiteElo "1757"]
[BlackElo "1802"]
[PlyCount "102"]
[EventDate "2016.??.??"]
[WhiteTeam "SV Bergwinkel"]
[BlackTeam "VSG Offenbach"]

1. c4 f5 2. g3 e5 3. d4 e4 4. Bg2 g6 5. Nh3 Bg7 6. O-O Nf6 7. d5 O-O 8. d6 c6
9. Nc3 Na6 10. Be3 b6 11. f3 Re8 12. fxe4 fxe4 13. Bg5 Nc5 14. Nd5 cxd5 15.
Bxf6 Bxf6 16. Qxd5+ Kg7 17. Qxa8 a5 18. Qd5 Bb7 19. Qd2 e3 20. Qc2 Bxg2 21.
Kxg2 Qa8+ 22. Kg1 Ne4 23. Nf4 Nf2 24. Nd5 Qc6 25. Qb3 Bd4 26. Rac1 Qxd6 27.
Rcd1 Qe5 28. Rxd4 Qxd4 29. Qc3 Qxc3 30. Nxc3 Ne4 31. Nxe4 Rxe4 32. Rf4 Re7 33.
Kg2 g5 34. Rf5 Kg6 35. g4 Re4 36. Kf3 Rxc4 37. Rd5 Rf4+ 38. Kxe3 Rxg4 39. Rd6+
Kh5 40. Rxd7 h6 41. Rd4 Rxd4 42. Kxd4 Kg6 43. Ke5 h5 44. a4 h4 45. Ke4 Kh5 46.
Kf3 g4+ 47. Kf2 Kg5 48. Kg2 Kf4 49. Kf2 Ke4 50. b3 Kf4 51. e3+ Ke4 0-1

[Event "Sparkassen-Open A"]
[Site "Heusenstamm, Martinsee"]
[Date "2016.11.27"]
[Round "5.97"]
[White "Falkenhainer, Sven"]
[Black "Gude, Michael"]
[Result "1-0"]
[WhiteElo "1781"]
[BlackElo "1729"]
[PlyCount "65"]
[EventDate "2016.??.??"]
[WhiteTeam "SC Bergen-Enkheim"]
[BlackTeam "SF Fürth"]

1. e4 e5 2. Nc3 Bb4 3. Nge2 Nf6 4. g3 O-O 5. Bg2 c6 6. O-O d5 7. exd5 cxd5 8.
d3 h6 9. a3 Ba5 10. Bd2 Nc6 11. Qc1 Bf5 12. b4 Bc7 13. b5 Ne7 14. d4 Rc8 15.
Qb2 Ng6 16. Qb3 Ne4 17. Be3 Nxc3 18. Nxc3 exd4 19. Bxd4 Bb6 20. Bxb6 Qxb6 21.
Nxd5 Qc5 22. Ne3 Be6 23. Qb4 b6 24. Qxc5 Rxc5 25. a4 Ne5 26. Rfe1 Rfc8 27. f4
Nc4 28. Nxc4 Bxc4 29. Re7 a6 30. Bb7 R5c7 31. Rxc7 Rxc7 32. bxa6 Kf8 33. a7 1-0

[Event "Sparkassen-Open A"]
[Site "Heusenstamm, Martinsee"]
[Date "2016.11.27"]
[Round "6.1"]
[White "Korneev, Oleg"]
[Black "Kveinys, Aloyzas"]
[Result "1/2-1/2"]
[WhiteElo "2582"]
[BlackElo "2499"]
[PlyCount "45"]
[EventDate "2016.??.??"]
[WhiteTeam "vereinslos"]
[BlackTeam "vereinslos"]

1. e4 e5 2. Nf3 Nc6 3. Bb5 a6 4. Ba4 Nf6 5. O-O Be7 6. Re1 b5 7. Bb3 d6 8. c3
O-O 9. h3 Nb8 10. d4 Nbd7 11. Nbd2 Bb7 12. Bc2 Re8 13. Nf1 Bf8 14. Ng3 g6 15.
a4 Bg7 16. d5 Qe7 17. b3 c6 18. c4 bxc4 19. bxc4 a5 20. Be3 Rec8 21. Rb1 Ba6
22. Nd2 Qf8 23. Ngf1 1/2-1/2

[Event "Sparkassen-Open A"]
[Site "Heusenstamm, Martinsee"]
[Date "2016.11.27"]
[Round "6.2"]
[White "Kollars, Dmitrij"]
[Black "Sumets, Andrey"]
[Result "1/2-1/2"]
[WhiteElo "2501"]
[BlackElo "2559"]
[PlyCount "30"]
[EventDate "2016.??.??"]
[WhiteTeam "Hamburger SK"]
[BlackTeam "SF Lilienthal"]

1. e4 c6 2. Nc3 d5 3. Nf3 Bg4 4. h3 Bxf3 5. Qxf3 e6 6. g3 Nf6 7. Bg2 dxe4 8.
Nxe4 Nxe4 9. Qxe4 Qd5 10. O-O Qxe4 11. Bxe4 a5 12. d4 Nd7 13. c4 Nf6 14. Bg2
Be7 15. Be3 O-O 1/2-1/2

[Event "Sparkassen-Open A"]
[Site "Heusenstamm, Martinsee"]
[Date "2016.11.27"]
[Round "6.3"]
[White "Sadzikowski, Daniel"]
[Black "Milov, Leonid"]
[Result "1/2-1/2"]
[WhiteElo "2538"]
[BlackElo "2406"]
[PlyCount "62"]
[EventDate "2016.??.??"]
[WhiteTeam "SC Heusenstamm"]
[BlackTeam "SC Noris-Tarrasch Nürnberg"]

1. e4 d5 2. exd5 Qxd5 3. Nf3 Bg4 4. Be2 Nc6 5. h3 Bxf3 6. Bxf3 Qe5+ 7. Qe2
Qxe2+ 8. Bxe2 e5 9. c3 g6 10. d3 O-O-O 11. b4 Bg7 12. Bb2 Nge7 13. Nd2 Nd5 14.
g3 Rhe8 15. Nc4 f5 16. O-O-O a6 17. Kc2 Nb6 18. Nxb6+ cxb6 19. a4 Rd6 20. Rhe1
Kb8 21. Bf1 Rc8 22. Kb3 a5 23. bxa5 Nxa5+ 24. Ka2 Nc6 25. Ra1 Rd5 26. Kb1 Rcd8
27. Kc2 Rc5 28. Kb3 Na5+ 29. Kc2 Nc6 30. Kb3 Na5+ 31. Ka2 Nc6 1/2-1/2

[Event "Sparkassen-Open A"]
[Site "Heusenstamm, Martinsee"]
[Date "2016.11.27"]
[Round "6.5"]
[White "Telljohann, Sven"]
[Black "Michalik, Peter"]
[Result "1/2-1/2"]
[WhiteElo "2408"]
[BlackElo "2550"]
[PlyCount "73"]
[EventDate "2016.??.??"]
[WhiteTeam "Frankfurter TV"]
[BlackTeam "SK Schwäbisch Hall"]

1. Nf3 d5 2. g3 Nd7 3. c4 dxc4 4. Qa4 a6 5. Qxc4 b5 6. Qc2 Bb7 7. Bg2 Ngf6 8.
O-O e6 9. d4 c5 10. a4 cxd4 11. Nxd4 Rc8 12. Qd1 Bxg2 13. Kxg2 b4 14. Bg5 Nc5
15. Bxf6 Qxf6 16. e3 e5 17. Nf3 Be7 18. Nbd2 O-O 19. Qe2 Qf5 20. e4 Qe6 21.
Rfc1 Rfd8 22. Rc4 Nd3 23. b3 Rxc4 24. Nxc4 Nc5 25. Rd1 Rc8 26. Rd5 Nxb3 27.
Ncxe5 f6 28. Nd3 Rc4 29. Nde5 Rc3 30. Nd3 Qc6 31. Nh4 g6 32. Qg4 Qc8 33. Rd7
Rxd3 34. Qe6+ Kh8 35. Nxg6+ hxg6 36. Qh3+ Kg8 37. Qe6+ 1/2-1/2

[Event "Sparkassen-Open A"]
[Site "Heusenstamm, Martinsee"]
[Date "2016.11.27"]
[Round "6.6"]
[White "Margolin, Boris"]
[Black "Donchenko, Alexander"]
[Result "0-1"]
[WhiteElo "2391"]
[BlackElo "2563"]
[PlyCount "120"]
[EventDate "2016.??.??"]
[WhiteTeam "SV Oberursel"]
[BlackTeam "DJK Aufwärts Aachen"]

1. e4 c5 2. Nf3 e6 3. d4 cxd4 4. Nxd4 Nf6 5. Nc3 d6 6. Be2 Be7 7. O-O a6 8. f4
Qc7 9. a4 Nc6 10. Be3 O-O 11. Kh1 Re8 12. Bd3 Nd7 13. f5 Nde5 14. fxe6 fxe6 15.
Nb3 Na5 16. Nxa5 Qxa5 17. Qd2 Bd7 18. Nd5 Qxd2 19. Nxe7+ Rxe7 20. Bxd2 Bc6 21.
Bc3 Nxd3 22. cxd3 Rd8 23. h3 d5 24. Bb4 Rf7 25. Rxf7 Kxf7 26. e5 d4 27. Kh2 Kg6
28. Bd6 Be8 29. Rc1 Bxa4 30. Rc4 Bb5 31. Rxd4 h5 32. b4 Rc8 33. Bc5 a5 34. Rd6
axb4 35. d4 Bc4 36. Bxb4 Bd5 37. g4 Rc4 38. gxh5+ Kxh5 39. Be1 Rxd4 40. Rd7 Re4
41. Bf2 g5 42. Rh7+ Kg6 43. Rh8 Rxe5 44. h4 gxh4 45. Rxh4 Rg5 46. Bb6 Kf5 47.
Rb4 e5 48. Bc7 Rg7 49. Bb6 Ke6 50. Kh3 Kd6 51. Be3 Bc6 52. Bb6 Bf3 53. Kh4 Kc6
54. Kh3 Rg6 55. Rb3 Bd5 56. Rb2 Bc4 57. Kh4 Rg8 58. Kh3 Bb5 59. Be3 Bf1+ 60.
Kh2 b5 0-1

[Event "Sparkassen-Open A"]
[Site "Heusenstamm, Martinsee"]
[Date "2016.11.27"]
[Round "6.7"]
[White "Klundt, Klaus"]
[Black "Stocek, Jiri"]
[Result "0-1"]
[WhiteElo "2300"]
[BlackElo "2547"]
[PlyCount "84"]
[EventDate "2016.??.??"]
[WhiteTeam "SC Heusenstamm"]
[BlackTeam "SC Garching"]

1. e4 c5 2. Nf3 e6 3. d4 cxd4 4. Nxd4 Nf6 5. Nc3 d6 6. Be2 Be7 7. O-O O-O 8. f4
Nc6 9. Kh1 Nxd4 10. Qxd4 b6 11. Be3 Bb7 12. Bf3 Qc8 13. e5 dxe5 14. fxe5 Bc5
15. Qh4 Nd7 16. Bf4 Bd4 17. Rae1 Bxc3 18. bxc3 f5 19. exf6 Nxf6 20. Be5 Bxf3
21. Rxf3 Qd8 22. Bxf6 Rxf6 23. Rxf6 Qxf6 24. Qxf6 gxf6 25. Rxe6 Rc8 26. Re7 a5
27. Re3 Kf7 28. Kg1 Rc4 29. Rh3 Kg6 30. Rg3+ Kf5 31. Rh3 Ra4 32. Rxh7 Rxa2 33.
Rb7 Rb2 34. Kf1 a4 35. Ra7 b5 36. c4 bxc4 37. c3 Ra2 38. h4 Kg4 39. Rc7 Kxh4
40. Rxc4+ Kg3 41. Rd4 Rf2+ 42. Ke1 a3 0-1

[Event "Sparkassen-Open A"]
[Site "Heusenstamm, Martinsee"]
[Date "2016.11.27"]
[Round "6.9"]
[White "Wieczorek, Oskar"]
[Black "Pfreundt, Jakob"]
[Result "1/2-1/2"]
[WhiteElo "2465"]
[BlackElo "2293"]
[PlyCount "67"]
[EventDate "2016.??.??"]
[WhiteTeam "SC Heusenstamm"]
[BlackTeam "Königsspr. SC"]

1. b3 e5 2. Bb2 Nc6 3. e3 Nf6 4. Bb5 Bd6 5. Ne2 a6 6. Bxc6 dxc6 7. d3 O-O 8. e4
Re8 9. O-O c5 10. Nd2 b5 11. h3 Nh5 12. a4 Rb8 13. axb5 axb5 14. Ng3 Nf4 15.
Qf3 Qg5 16. Qe3 Qh6 17. Rfe1 Qg6 18. Nf3 f6 19. Ba3 Ne6 20. Nf5 Bf8 21. Bc1 Bd7
22. Bd2 Ra8 23. Kh2 Qf7 24. Rg1 Kh8 25. Rgd1 g6 26. Ng3 Bd6 27. Kg1 Nf4 28. Bc3
Qf8 29. Qe1 Qh6 30. Rxa8 Rxa8 31. Ra1 Qf8 32. Nh2 h5 33. Nf3 Kh7 34. Rxa8
1/2-1/2

[Event "Sparkassen-Open A"]
[Site "Heusenstamm, Martinsee"]
[Date "2016.11.27"]
[Round "6.10"]
[White "Zieher, Hartmut"]
[Black "Noe, Christopher"]
[Result "0-1"]
[WhiteElo "2285"]
[BlackElo "2422"]
[PlyCount "102"]
[EventDate "2016.??.??"]
[WhiteTeam "Hamburger SK"]
[BlackTeam "SC Eppingen"]

1. e4 e5 2. Nf3 Nc6 3. Bb5 a6 4. Ba4 Nf6 5. O-O Nxe4 6. d4 b5 7. Bb3 d5 8. dxe5
Be6 9. Be3 Nc5 10. Bxc5 Bxc5 11. Nc3 Ne7 12. a4 c6 13. Ne2 O-O 14. c3 Bg4 15.
Nfd4 Qc7 16. h3 Bd7 17. f4 Bb6 18. Kh1 c5 19. Nf3 Nf5 20. Qd2 c4 21. Bc2 Ne3
22. Rfe1 Nxc2 23. Qxc2 Qc6 24. Ned4 Qh6 25. f5 bxa4 26. e6 fxe6 27. fxe6 Be8
28. Re5 Bg6 29. Qxa4 Bxd4 30. cxd4 Rxf3 31. e7 Re8 32. gxf3 Qxh3+ 33. Kg1 Qg3+
34. Kh1 Qh3+ 35. Kg1 Qg3+ 36. Kh1 Qxf3+ 37. Kg1 Qg3+ 38. Kh1 Qh4+ 39. Kg2 Be4+
40. Kf1 Rxe7 41. Rxe7 Qxe7 42. Qxa6 Bd3+ 43. Kf2 Qe2+ 44. Kg3 Qe3+ 45. Kg2 Qg5+
46. Kf2 Qf4+ 47. Kg2 Be4+ 48. Kh3 Qe3+ 49. Kg4 h5+ 50. Kxh5 Qg3 51. Ra3 g6+ 0-1

[Event "Sparkassen-Open A"]
[Site "Heusenstamm, Martinsee"]
[Date "2016.11.27"]
[Round "6.11"]
[White "Olsen, Filip Boe"]
[Black "Carlstedt, Jonathan"]
[Result "1/2-1/2"]
[WhiteElo "2136"]
[BlackElo "2438"]
[PlyCount "96"]
[EventDate "2016.??.??"]
[WhiteTeam "SG Turm Kiel"]
[BlackTeam "Hamburger SK"]

1. d4 Nf6 2. c4 e6 3. Nc3 Bb4 4. e3 O-O 5. Nge2 c6 6. a3 Ba5 7. Ng3 d5 8. Be2
Nbd7 9. O-O Bc7 10. b4 dxc4 11. Bxc4 e5 12. Nce2 exd4 13. Nxd4 Ne5 14. Bb3 Neg4
15. Nf3 Qxd1 16. Rxd1 a5 17. Bb2 Bxg3 18. hxg3 Ne4 19. Bc2 Nexf2 20. Rd2 axb4
21. axb4 Rxa1+ 22. Bxa1 Be6 23. Bd4 Bd5 24. Rxf2 Nxf2 25. Kxf2 Ra8 26. Bd3 Ra3
27. Ke2 Rb3 28. Bc5 b6 29. Bxb6 Rxb4 30. Bd4 Bc4 31. Ne5 Bxd3+ 32. Kxd3 Ra4 33.
Nxc6 Ra2 34. Ne7+ Kf8 35. Nf5 f6 36. Ke4 Rf2 37. g4 Rxg2 38. Kf3 Ra2 39. e4
Ra3+ 40. Kf2 Kf7 41. e5 g6 42. Nh6+ Kg7 43. exf6+ Kxh6 44. f7 Ra8 45. g5+ Kxg5
46. Bg7 h5 47. f8=Q Rxf8+ 48. Bxf8 Kg4 1/2-1/2

[Event "Sparkassen-Open A"]
[Site "Heusenstamm, Martinsee"]
[Date "2016.11.27"]
[Round "6.12"]
[White "Dubiel, Jacek"]
[Black "Erdmann, Stefan"]
[Result "1-0"]
[WhiteElo "2422"]
[BlackElo "2155"]
[PlyCount "49"]
[EventDate "2016.??.??"]
[WhiteTeam "SV Oberursel"]
[BlackTeam "SC Bad Soden"]

1. e4 c5 2. Nf3 Nc6 3. d4 cxd4 4. Nxd4 Nf6 5. Nc3 d6 6. Bg5 e6 7. Qd2 Be7 8.
O-O-O Nxd4 9. Qxd4 O-O 10. f3 a6 11. h4 b5 12. Qd2 Qa5 13. Kb1 b4 14. Ne2 e5
15. Nc1 Be6 16. g4 Rfd8 17. Bxf6 Bxf6 18. g5 Be7 19. Bh3 Bc4 20. b3 Bb5 21. h5
Be8 22. g6 h6 23. Rhg1 f6 24. Be6+ Kf8 25. Qxh6 1-0

[Event "Sparkassen-Open A"]
[Site "Heusenstamm, Martinsee"]
[Date "2016.11.27"]
[Round "6.13"]
[White "Chan, Kim Yew"]
[Black "Weichhold, Pawel"]
[Result "0-1"]
[WhiteElo "2169"]
[BlackElo "2407"]
[PlyCount "72"]
[EventDate "2016.??.??"]
[WhiteTeam "Subang Jaya Chess Club"]
[BlackTeam "SC Heusenstamm"]

1. c4 g6 2. g3 Bg7 3. Bg2 Nf6 4. Nc3 O-O 5. e4 c5 6. Nge2 Nc6 7. O-O Ne8 8. d3
Nc7 9. Be3 Ne6 10. Qd2 d6 11. h3 Ned4 12. Bh6 Bxh3 13. f3 Bd7 14. Kf2 f6 15.
Bxg7 Kxg7 16. Rh1 Rf7 17. Rh2 Kg8 18. Rah1 Qf8 19. Nf4 Ne5 20. g4 Rg7 21. Ncd5
Qf7 22. Ne3 b6 23. Nfd5 Rf8 24. Nf4 e6 25. Kg3 Qe7 26. Nc2 Nxc2 27. Qxc2 f5 28.
exf5 exf5 29. Nd5 f4+ 30. Kf2 Qg5 31. Nc3 Bc6 32. Ne4 Bxe4 33. dxe4 Nc6 34. Rd1
Nd4 35. Qc3 h5 36. gxh5 Qg3+ 0-1

[Event "Sparkassen-Open A"]
[Site "Heusenstamm, Martinsee"]
[Date "2016.11.27"]
[Round "6.14"]
[White "Zeller, Frank"]
[Black "Wolf, Ulrich Martin"]
[Result "1-0"]
[WhiteElo "2402"]
[BlackElo "2161"]
[PlyCount "97"]
[EventDate "2016.??.??"]
[WhiteTeam "SK Schwäbisch Hall"]
[BlackTeam "SC Hansa Dortmund"]

1. e4 c5 2. Nf3 Nc6 3. Nc3 e5 4. Bc4 Be7 5. d3 d6 6. O-O Nf6 7. Ng5 O-O 8. f4
Bg4 9. Qe1 Nb4 10. fxe5 dxe5 11. Qh4 h6 12. Nxf7 Rxf7 13. Bxf7+ Kxf7 14. Qxg4
Nxc2 15. Rb1 Qd4+ 16. Kh1 Qxd3 17. Rf3 Nd4 18. Qxg7+ Kxg7 19. Rxd3 Rf8 20. Be3
Ng4 21. Nd5 Bg5 22. h3 Nxe3 23. Nxe3 Rf4 24. Re1 Rf2 25. Nd1 Rc2 26. Rc3 b6 27.
Rxc2 Nxc2 28. Rf1 Nd4 29. Nc3 b5 30. b3 Bd2 31. Nd5 c4 32. bxc4 bxc4 33. Rb1 c3
34. Rb7+ Kf8 35. Nxc3 Bxc3 36. Rxa7 Ne2 37. g4 Ng3+ 38. Kg2 Nxe4 39. a4 Nd6 40.
a5 Bd4 41. Rd7 Nb5 42. a6 Ke8 43. Rb7 Na7 44. Kf3 Kd8 45. Ke4 Kc8 46. h4 Nc6
47. g5 hxg5 48. h5 Nb8 49. Rxb8+ 1-0

[Event "Sparkassen-Open A"]
[Site "Heusenstamm, Martinsee"]
[Date "2016.11.27"]
[Round "6.15"]
[White "Barski, Radoslaw"]
[Black "Köllner, Christof"]
[Result "1-0"]
[WhiteElo "2387"]
[BlackElo "2138"]
[PlyCount "83"]
[EventDate "2016.??.??"]
[WhiteTeam "SC Heusenstamm"]
[BlackTeam "SV Bergneustadt/Derschlag"]

1. e4 d6 2. d4 Nf6 3. f3 e5 4. d5 Be7 5. Be3 Nh5 6. Qd2 O-O 7. Ne2 c6 8. c4
cxd5 9. cxd5 Na6 10. Nbc3 Bd7 11. Nd1 f5 12. exf5 Rxf5 13. Nf2 Rf8 14. Nc3 Nf4
15. g3 Nh5 16. Be2 Nf6 17. O-O Qe8 18. Rac1 Bd8 19. Nce4 Nxe4 20. Nxe4 Qg6 21.
Bxa6 bxa6 22. Qb4 Bf5 23. b3 Bxe4 24. Qxe4 Qf7 25. Rc6 Qd7 26. Rfc1 a5 27. Kg2
Rf6 28. Qg4 Qxg4 29. fxg4 Bb6 30. Bxb6 axb6 31. Rf1 Kf7 32. Rxf6+ gxf6 33. Kf3
Ra7 34. Rxd6 b5 35. Rc6 b4 36. Ke4 Rd7 37. Ra6 Kg6 38. d6 Kg5 39. h3 h5 40.
gxh5 Kxh5 41. Kf5 Rg7 42. Ra8 1-0

[Event "Sparkassen-Open A"]
[Site "Heusenstamm, Martinsee"]
[Date "2016.11.27"]
[Round "6.16"]
[White "Donchenko, Anatoly"]
[Black "Rosenberger, Frank"]
[Result "1-0"]
[WhiteElo "2317"]
[BlackElo "2104"]
[PlyCount "57"]
[EventDate "2016.??.??"]
[WhiteTeam "SK Gießen"]
[BlackTeam "SK Gernsheim"]

1. d4 d5 2. c4 e6 3. Nf3 c6 4. Qc2 Nf6 5. Nbd2 Nbd7 6. g3 Bd6 7. Bg2 O-O 8. O-O
Re8 9. Rd1 Qe7 10. Re1 b6 11. e4 Nxe4 12. Nxe4 dxe4 13. Qxe4 Bb7 14. Qc2 h6 15.
Bd2 Bb4 16. Rad1 Bxd2 17. Rxd2 Qd6 18. a3 Rad8 19. b4 Qc7 20. c5 Nf6 21. Ne5 b5
22. f4 a5 23. a4 Nd5 24. axb5 Nxb4 25. b6 Qc8 26. Qa4 Ba6 27. Nxc6 Nxc6 28.
Qxc6 Qb8 29. Qa4 1-0

[Event "Sparkassen-Open A"]
[Site "Heusenstamm, Martinsee"]
[Date "2016.11.27"]
[Round "6.17"]
[White "Budzyn, Matthias"]
[Black "Boe, Mads"]
[Result "1/2-1/2"]
[WhiteElo "2166"]
[BlackElo "2312"]
[PlyCount "32"]
[EventDate "2016.??.??"]
[WhiteTeam "SG Turm Kiel"]
[BlackTeam "SG Turm Kiel"]

1. e4 d6 2. d4 Nf6 3. Nc3 e5 4. dxe5 dxe5 5. Qxd8+ Kxd8 6. Bg5 Be6 7. g3 Bd6 8.
f4 h6 9. Bxf6+ gxf6 10. f5 Bd7 11. Bc4 Be8 12. O-O-O Nd7 13. Nge2 Nb6 14. Bb3
Ke7 15. Nd5+ Nxd5 16. Bxd5 c6 1/2-1/2

[Event "Sparkassen-Open A"]
[Site "Heusenstamm, Martinsee"]
[Date "2016.11.27"]
[Round "6.19"]
[White "Schmitzer, Klaus"]
[Black "Mährlein, Christoph"]
[Result "1-0"]
[WhiteElo "2285"]
[BlackElo "2074"]
[PlyCount "81"]
[EventDate "2016.??.??"]
[WhiteTeam "Bad Vilbeler Sfr"]
[BlackTeam "SC Pforzheim"]

1. e4 d5 2. exd5 Qxd5 3. Nc3 Qa5 4. Bc4 Nf6 5. h3 Nc6 6. Nf3 Bf5 7. d3 Ne5 8.
Bb5+ Ned7 9. O-O c6 10. Bc4 e6 11. Qe2 Be7 12. Bd2 Qc7 13. Nd4 Bg6 14. Bxe6 O-O
15. Bb3 Rfe8 16. Qf3 Ne5 17. Qd1 Bh5 18. Nde2 Bc5 19. Bf4 Bd6 20. Qd2 Qd7 21.
Bxe5 Bxe5 22. Nf4 Qf5 23. Nxh5 Qxh5 24. Rae1 Rad8 25. f4 Bd4+ 26. Kh1 Qh4 27.
Ne4 Ng4 28. Rf3 Kf8 29. c3 Bb6 30. Re2 h6 31. d4 f5 32. Ng3 Rxe2 33. Qxe2 Re8
34. Qc4 Re1+ 35. Nf1 Qf6 36. hxg4 fxg4 37. Re3 Rxf1+ 38. Qxf1 Qh4+ 39. Kg1 g3
40. Qf3 Qh2+ 41. Kf1 1-0

[Event "Sparkassen-Open A"]
[Site "Heusenstamm, Martinsee"]
[Date "2016.11.27"]
[Round "6.20"]
[White "Keller, Peter"]
[Black "Vangsgaard, Bjarke"]
[Result "1-0"]
[WhiteElo "2269"]
[BlackElo "2022"]
[PlyCount "51"]
[EventDate "2016.??.??"]
[WhiteTeam "Frankfurter TV"]
[BlackTeam "Vejlby-Risskov"]

1. e4 c6 2. d4 d5 3. Nd2 dxe4 4. Nxe4 Bf5 5. Ng3 Bg6 6. h4 h6 7. Nf3 Nd7 8. h5
Bh7 9. Bd3 Bxd3 10. Qxd3 e6 11. Bd2 Ngf6 12. O-O-O Be7 13. Kb1 O-O 14. Ne4 Nxe4
15. Qxe4 Nf6 16. Qe2 Qd5 17. Be3 b5 18. Ne5 a5 19. g4 Ne4 20. Rhe1 b4 21. Bc1
Nc3+ 22. bxc3 bxc3 23. Qc4 Rab8+ 24. Ka1 Rb6 25. Qxd5 cxd5 26. Nd7 1-0

[Event "Sparkassen-Open A"]
[Site "Heusenstamm, Martinsee"]
[Date "2016.11.27"]
[Round "6.21"]
[White "Everett, Elijah"]
[Black "Lorscheid, Gerhard"]
[Result "1/2-1/2"]
[WhiteElo "2083"]
[BlackElo "2197"]
[PlyCount "40"]
[EventDate "2016.??.??"]
[WhiteTeam "SF Schöneck"]
[BlackTeam "Stuttgarter SF"]

1. e4 d6 2. d4 Nf6 3. Nc3 g6 4. f4 Bg7 5. Nf3 O-O 6. Bd3 Na6 7. O-O c5 8. d5
Rb8 9. Kh1 Nc7 10. a4 a6 11. a5 Nb5 12. Nxb5 axb5 13. Bxb5 Nxe4 14. Qe2 Nf6 15.
Bc4 Ra8 16. Bd2 Re8 17. Bc3 e6 18. dxe6 Bxe6 19. Bxe6 Rxe6 20. Qb5 Qd7 1/2-1/2

[Event "Sparkassen-Open A"]
[Site "Heusenstamm, Martinsee"]
[Date "2016.11.27"]
[Round "6.22"]
[White "Stork, Oliver"]
[Black "Muckle, Julius"]
[Result "0-1"]
[WhiteElo "2017"]
[BlackElo "2178"]
[PlyCount "104"]
[EventDate "2016.??.??"]
[WhiteTeam "SV Oberursel"]
[BlackTeam "SK Ludwigshafen"]

1. c4 c6 2. Nf3 d5 3. b3 Bg4 4. Bb2 Nf6 5. g3 e6 6. Bg2 Nbd7 7. O-O Bd6 8. Nc3
O-O 9. d3 Qe7 10. Qc2 Rac8 11. e4 Rfd8 12. Rae1 Bb4 13. e5 Ne8 14. Re2 dxc4 15.
bxc4 Nc5 16. Rd1 Bf5 17. Red2 h6 18. Ne1 b5 19. Qc1 Na4 20. Qc2 Nb6 21. Qb3
Bxd3 22. c5 Bxc3 23. Rxd3 Rxd3 24. Nxd3 Bxb2 25. cxb6 Bd4 26. Rc1 Bxb6 27. Bxc6
Rb8 28. Nb4 Qg5 29. Re1 Qd2 30. Rf1 Nc7 31. a4 bxa4 32. Qxa4 Qxb4 33. Qxb4
Bxf2+ 34. Rxf2 Rxb4 35. Rd2 Rc4 36. Bf3 g6 37. Ra2 a6 38. Ra5 Nb5 39. Rxa6 Nd4
40. Bg2 Rc5 41. Ra4 Nf5 42. Re4 Ne7 43. Re2 g5 44. Be4 Kg7 45. Bf3 Ng6 46. Bh5
Nxe5 47. Kg2 f5 48. h3 Kf6 49. Rb2 Nd3 50. Rb7 Rc2+ 51. Kf3 Ne5+ 52. Ke3 Rg2
0-1

[Event "Sparkassen-Open A"]
[Site "Heusenstamm, Martinsee"]
[Date "2016.11.27"]
[Round "6.23"]
[White "De Visser, Leon"]
[Black "Rondonuwu, Grover"]
[Result "1/2-1/2"]
[WhiteElo "2230"]
[BlackElo "2066"]
[PlyCount "144"]
[EventDate "2016.??.??"]
[WhiteTeam "SC Brett vorm Kopp"]
[BlackTeam "Frankfurter TV"]

1. c4 e5 2. g3 g6 3. Bg2 Bg7 4. Nc3 Nc6 5. e4 d6 6. d3 Nge7 7. Nge2 O-O 8. O-O
Be6 9. a3 a5 10. Nd5 Qd7 11. Bd2 a4 12. Bc3 Nd4 13. Bxd4 exd4 14. Nxe7+ Qxe7
15. f4 f5 16. Re1 Bd7 17. b4 axb3 18. Qxb3 c5 19. Kh1 Ba4 20. Qa2 Bc6 21. Ng1
Qc7 22. exf5 gxf5 23. Nf3 Rfe8 24. Qd2 Re3 25. Rf1 Qa5 26. Qxa5 Rxa5 27. Ne1
Bxg2+ 28. Kxg2 b5 29. cxb5 Rxb5 30. a4 Ra5 31. Rf2 Kf7 32. Rc2 Bf6 33. Kf2 Bd8
34. Ra3 Ra7 35. Nf3 Ba5 36. Rca2 Rb7 37. Nd2 d5 38. Rb3 Bb4 39. a5 Ke7 40. a6
Ra7 41. Nf3 Re6 42. Nxd4 Rexa6 43. Nxf5+ Ke6 44. Nd4+ Kd6 45. Rxa6+ Rxa6 46.
Ne2 Ra3 47. Rxa3 Bxa3 48. g4 Bb2 49. Ke3 Ke7 50. h4 Kf7 51. h5 h6 52. Kd2 Bf6
53. Kc2 Be7 54. Kb3 Ke6 55. Kc3 Bf6+ 56. Kd2 Be7 57. Ke3 Bf6 58. Ng3 Be7 59.
Nf5 Bf8 60. Kd2 Kf6 61. Kc3 Ke6 62. Kb3 Kf6 63. Ka4 c4 64. dxc4 dxc4 65. Ng3
Ke6 66. g5 Bd6 67. gxh6 Bxf4 68. h7 Be5 69. h6 Kf7 70. Nf5 Kg6 71. Ne3 c3 72.
Kb3 Kxh7 1/2-1/2

[Event "Sparkassen-Open A"]
[Site "Heusenstamm, Martinsee"]
[Date "2016.11.27"]
[Round "6.26"]
[White "Dunsbach, Ralf"]
[Black "Schlößner, Henrik"]
[Result "1-0"]
[WhiteElo "2180"]
[BlackElo "2050"]
[PlyCount "55"]
[EventDate "2016.??.??"]
[WhiteTeam "SK Bad Homburg"]
[BlackTeam "SK Gründau"]

1. d4 Nf6 2. c4 e5 3. dxe5 Ng4 4. Nf3 Bc5 5. e3 Nc6 6. Nc3 Ngxe5 7. Nxe5 Nxe5
8. f4 Nc6 9. Bd3 d6 10. O-O h5 11. a3 a5 12. Bd2 Bg4 13. Qc2 Ne7 14. h3 Bd7 15.
Ne4 Bb6 16. Ng5 Qc8 17. Kh2 f6 18. Nf3 Nf5 19. Rae1 h4 20. Bxf5 Bxf5 21. e4 Bg4
22. e5 Bxf3 23. exf6+ Kf8 24. fxg7+ Kxg7 25. Bc3+ Kh6 26. Bxh8 Bc6 27. Bf6 Qg8
28. Bg5+ 1-0

[Event "Sparkassen-Open A"]
[Site "Heusenstamm, Martinsee"]
[Date "2016.11.27"]
[Round "6.27"]
[White "Hilzinger, Markus"]
[Black "Held, Carsten"]
[Result "1-0"]
[WhiteElo "2133"]
[BlackElo "2046"]
[PlyCount "63"]
[EventDate "2016.??.??"]
[WhiteTeam "SC Pforzheim"]
[BlackTeam "SC Ladja Roßdorf"]

1. c4 Nf6 2. Nf3 c5 3. Nc3 Nc6 4. g3 g6 5. Bg2 Bg7 6. O-O O-O 7. d4 cxd4 8.
Nxd4 d6 9. e3 Qa5 10. Bd2 Qc5 11. Nxc6 bxc6 12. b3 Qb6 13. Rc1 a5 14. e4 Nd7
15. Be3 Qb4 16. Na4 Nc5 17. Nxc5 dxc5 18. Qe2 a4 19. e5 axb3 20. axb3 Ra3 21.
Bxc6 Rxb3 22. Bg5 Qb6 23. Bd5 e6 24. Bg2 Rb2 25. Qe3 Ba6 26. Rfd1 Rc8 27. Rd6
Qa5 28. Rcd1 Rbb8 29. Qf4 Rf8 30. Be7 Rfe8 31. Rd7 Bc8 32. Bd8 1-0

[Event "Sparkassen-Open A"]
[Site "Heusenstamm, Martinsee"]
[Date "2016.11.27"]
[Round "6.28"]
[White "Engel, Berthold"]
[Black "Schweizer, Manfred"]
[Result "1-0"]
[WhiteElo "2153"]
[BlackElo "2044"]
[PlyCount "63"]
[EventDate "2016.??.??"]
[WhiteTeam "BG Buchen"]
[BlackTeam "Post-SV Memmingen"]

1. e4 d6 2. d4 Nf6 3. f3 g6 4. Be3 Bg7 5. Bd3 Nc6 6. Ne2 e5 7. d5 Ne7 8. c4 Nh5
9. Nbc3 f5 10. Qd2 a6 11. O-O-O f4 12. Bf2 g5 13. g4 Nf6 14. h4 h6 15. hxg5
hxg5 16. Rxh8+ Bxh8 17. Bc2 Ng6 18. Rh1 Kf7 19. c5 Qe7 20. Na4 Bxg4 21. fxg4
Nxg4 22. Ng1 Nxf2 23. Qxf2 g4 24. cxd6 cxd6 25. Nb6 Rd8 26. Rh7+ Bg7 27. Qg2
Qg5 28. Nh3 Qf6 29. Qxg4 f3 30. Rh5 Kg8 31. Qf5 Nf4 32. Qh7+ 1-0